Insurers call for more business (Record no. 69544)
[ view plain ]
| 000 -LEADER | |
|---|---|
| fixed length control field | 00936cam a2200217 4500 |
| 001 - CONTROL NUMBER | |
| control field | WB3807-17 |
| 008 - FIXED-LENGTH DATA ELEMENTS--GENERAL INFORMATION | |
| fixed length control field | 020220n2002 000 0 eng u |
| 035 ## - SYSTEM CONTROL NUMBER | |
| System control number | (Sirsi) u116764 |
| 245 ## - TITLE STATEMENT | |
| Title | Insurers call for more business |
| 260 ## - PUBLICATION, DISTRIBUTION, ETC. | |
| Date of publication, distribution, etc. | 2002 |
| 490 ## - SERIES STATEMENT | |
| Series statement | Green Futures |
| Volume/sequential designation | (January/February 2002(32), 19(1) |
| 520 ## - SUMMARY, ETC. | |
| Summary, etc. | New guidance issued by Association of British Insurers on tackling and reporting social, ethical and environmental issues. Key points include, management systems to limit serious risk and annual disclosure of any risks that could affect the company's short or long term value. For the ABI guide to best practice http://www.abi.org.uk/industry/abikey/bestprac/status.asp |
| 590 ## - LOCAL NOTE (RLIN) | |
| Local note | WB |
| 650 ## - SUBJECT ADDED ENTRY--TOPICAL TERM | |
| Topical term or geographic name entry element | ASSOCIATION OF BRITISH INSURERS |
| 650 ## - SUBJECT ADDED ENTRY--TOPICAL TERM | |
| Topical term or geographic name entry element | INSURANCE INDUSTRY |
| 650 ## - SUBJECT ADDED ENTRY--TOPICAL TERM | |
| Topical term or geographic name entry element | CORPORATE RESPONSIBILITY |
| 650 ## - SUBJECT ADDED ENTRY--TOPICAL TERM | |
| Topical term or geographic name entry element | RISK ASSESSMENT |
| 650 ## - SUBJECT ADDED ENTRY--TOPICAL TERM | |
| Topical term or geographic name entry element | STOCK MARKET |
| 690 ## - LOCAL SUBJECT ADDED ENTRY--TOPICAL TERM (OCLC, RLIN) | |
| Topical term or geographic name as entry element | Insurance |
| 9 (RLIN) | 6249 |
| 942 ## - ADDED ENTRY ELEMENTS (KOHA) | |
| Suppress in OPAC | 0 |
| Withdrawn status | Lost status | Source of classification or shelving scheme | Damaged status | Not for loan | Home library | Current library | Shelving location | Date acquired | Total Checkouts | Full call number | Barcode | Date last seen | Copy number | Price effective from | Koha item type |
|---|---|---|---|---|---|---|---|---|---|---|---|---|---|---|---|
| Dewey Decimal Classification | London | London | News article | 20/02/2002 | WB3807-17 | 116764-1001 | 06/08/2019 | 1 | 06/08/2019 | News article |